000 00791nam a2200253Ia 4500
003 OSt
005 20220923221331.0
006 a|||||r|||| 00| 0
007 ta
008 220922b |||||||| |||| 00| 0 hin d
024 _a197,221
037 _cTextual
040 _aARTS
_cARTS
_bhin
041 _2hin
_ahin
082 _aO152,6N39x, L7
100 _aरूप चन्द
245 0 _aसुना है मैने आयुष्मन
246 _aSunā hai maine āyuṣhhina
260 _aदिल्ली
_b भारतीय ज्ञानपीठ
_c1977
300 _a158पृ.
_ccm.
650 _aहिन्दी साहित्य
_9156264
942 _hO152,6N39x, L7
_cTEXL
_2CC
999 _c349092
_d349092